Missing Word: Jay-Z Songs Quiz Stats

 Plays Quiz Updated Nov 30, 2012

Support Sporcle.
Go Orange.
Score 0/18 Timer 03:00
1 Play Today
Song Missing Word % Correct
Empire _____ of MindState
95.7%
99 _____Problems
92.7%
_____ Knock LifeHard
90.8%
'03 _____ & ClydeBonnie
89.6%
_____ Until Proven InnocentGuilty
88.6%
_____ More Can I SayWhat
83%
Run This _____Town
80%
Dirt Off Your _____Shoulder
75.1%
Money Ain't a _____Thang
73.8%
Song Missing Word % Correct
On to the _____ OneNext
71.1%
Kingdom _____Come
71%
_____ Pimpin'Big
70.7%
_____ I Get A...Can
63.7%
I Just Wanna _____ U (Give It 2 Me)Love
63%
Guns & _____Roses
54.8%
Diamond is _____Forever
54%
A Ballad for the Fallen _____Soldier
40.9%
_____ (H.O.V.A.)Izzo
34.9%

Today's Daily Dose

Missing Word
'80s Musicals

Word Ladder
Hereditary

Get the Picture
Food Names

From the Vault

Astonished Animals

by Hejman

The only thing we're shocked about on this quiz is that we haven't played it sooner!
Remove Ads.
Support Sporcle.
Get the best of Sporcle when you Go Orange. This ad-free experience offers more features, more stats, and more fun while also helping to support Sporcle. Thank you for becoming a member.

Show Comments

Extras

Top Quizzes Today


Score Distribution

Your Account Isn't Verified!

In order to create a playlist on Sporcle, you need to verify the email address you used during registration. Go to your Sporcle Settings to finish the process.

Report this User

Report this user for behavior that violates our Community Guidelines.

Details: